Geology of Terrace map-area, British Columbia (Record no. 29982)
[ view plain ]
| 000 -LEADER | |
|---|---|
| fixed length control field | 00944cam a22002651 4500 |
| 001 - CONTROL NUMBER | |
| control field | gs 65000105 |
| 003 - CONTROL NUMBER IDENTIFIER | |
| control field | DLC |
| 005 - DATE AND TIME OF LATEST TRANSACTION | |
| control field | 20260227111416.0 |
| 008 - FIXED-LENGTH DATA ELEMENTS--GENERAL INFORMATION | |
| fixed length control field | 720321s1964 xx 000 0 eng |
| 010 ## - LIBRARY OF CONGRESS CONTROL NUMBER | |
| LC control number | gs 65000105 |
| 035 ## - SYSTEM CONTROL NUMBER | |
| System control number | (OCoLC)268265 |
| 040 ## - CATALOGING SOURCE | |
| Original cataloging agency | DLC |
| Transcribing agency | OAkU |
| Modifying agency | DLC |
| 050 00 - LIBRARY OF CONGRESS CALL NUMBER | |
| Classification number | QE185 |
| Item number | .A2 no. 329 |
| 051 ## - LIBRARY OF CONGRESS COPY, ISSUE, OFFPRINT STATEMENT | |
| Classification number | QE187 |
| Item number | .D834 |
| 100 1# - MAIN ENTRY--PERSONAL NAME | |
| Personal name | Duffell, Stanley, |
| Dates associated with a name | 1908- |
| 245 10 - TITLE STATEMENT | |
| Title | Geology of Terrace map-area, British Columbia |
| Remainder of title | (103 I E 1/2) |
| Statement of responsibility, etc. | by S. Duffell and J.G. Souther. |
| 260 ## - PUBLICATION, DISTRIBUTION, ETC. | |
| Place of publication, distribution, etc. | [Ottawa] |
| Name of publisher, distributor, etc. | Dept. of Mines and Technical Surveys, Canada |
| Date of publication, distribution, etc. | [1964] |
| 300 ## - PHYSICAL DESCRIPTION | |
| Extent | x, 117 p. |
| Other physical details | illus., maps (3 fold., 1 col., in pocket) diagrs., tables. |
| 410 20 - SERIES STATEMENT/ADDED ENTRY--CORPORATE NAME [OBSOLETE, CAN/MARC], [LOCAL, USA] | |
| Corporate name or jurisdiction name as entry element | Geological Survey of Canada. |
| Title of a work | Memoir |
| Volume number/sequential designation | 329 |
| 500 ## - GENERAL NOTE | |
| General note | Abstract also in French. |
| 504 ## - BIBLIOGRAPHY, ETC. NOTE | |
| Bibliography, etc. note | Bibliography: p. 101-103. |
| 650 #0 - SUBJECT ADDED ENTRY--TOPICAL TERM | |
| Topical term or geographic name entry element | Geology |
| Geographic subdivision | British Columbia |
| -- | Terrace Region. |
| 650 #0 - SUBJECT ADDED ENTRY--TOPICAL TERM | |
| Topical term or geographic name entry element | Geology |
| Geographic subdivision | British Columbia |
| General subdivision | Maps. |
| 700 1# - ADDED ENTRY--PERSONAL NAME | |
| Personal name | Souther, J. G., |
| Relator term | joint author. |
No items available.